Jak se prosadit a přesvědčit ostatní prosaďte své návrhy, nápady a projekty

Salvato in:
Dettagli Bibliografici
Autore principale: Possehl, Gianna
Altri autori: Kittel, Frank, Veselá, Zuzana
Natura: Libro
Lingua:ceco
Pubblicazione: Praha GRADA 2008
Serie:Praxe & kariéra
Soggetti:
Tags: Aggiungi Tag
Nessun Tag, puoi essere il primo ad aggiungerne!!

MARC

LEADER 00000nam$a2200000$$$4500
001 0086184
005 20240315114512.6
020 |a 978-80-247-2677-9 
041 0 |a cze 
044 |a CZ 
245 1 0 |a Jak se prosadit a přesvědčit ostatní  |b prosaďte své návrhy, nápady a projekty  |c Gianna Possehl, Frank Kittel ; přeložila: Zuzana Veselá 
264 1 |a Praha  |b GRADA  |c 2008 
300 |a 155 s. 
490 1 |a Praxe & kariéra 
830 0 |a Praxe & kariéra 
610 2 0 |a úspech pracovný 
610 2 0 |a sebapoznanie 
610 2 0 |a sebarealizácia 
610 2 0 |a správanie 
610 2 0 |a prostredie pracovné 
610 2 0 |a spolupracovníci 
610 2 0 |a schôdze 
610 2 0 |a porady 
610 2 0 |a psychológia 
610 2 0 |a poradenstvo 
100 1 |a Possehl, Gianna 
700 1 |a Kittel, Frank 
700 1 |a Veselá, Zuzana